|
|
|
|
| LEADER |
00000cam a2200000 7i4500 |
| 001 |
0000007240 |
| 005 |
20151222.0 |
| 008 |
070829 |
| 020 |
|
|
|a 9830573427(set)
|
| 020 |
|
|
|a 9830573494
|
| 090 |
0 |
0 |
|a JF
|b BIO MAL (7673)
|
| 100 |
0 |
|
|a Ahmad Iman Arief
|
| 245 |
1 |
0 |
|a Ahli geografi :
|b Al- Idris
|c Ahmad Iman Arief, Supiyaton Hj. Mokti
|
| 260 |
|
|
|a Kuala Lumpur :
|b Goodmark Enterprise ,
|c 2005
|
| 440 |
|
|
|a Siri saintis Islam
|
| 500 |
|
|
|a Children ages 7-9 years old (orange)
|
| 650 |
|
0 |
|a Meteorollogist
|x Biography
|
| 700 |
0 |
|
|a Supiyaton Hj. Mokti
|
| 999 |
|
|
|a 0000989683
|b Book
|c Children Collection
|e Perbadanan Perpustakaan Awam Johor
|
| 999 |
|
|
|a 0000989684
|b Book
|c Children Collection
|e Cawangan Segamat
|
| 999 |
|
|
|a 0000989685
|b Book
|c Children Collection
|e Perbadanan Perpustakaan Awam Johor
|
| 999 |
|
|
|a 0000989686
|b Book
|c Children Collection
|e Perbadanan Perpustakaan Awam Johor
|
| 999 |
|
|
|a 0000989687
|b Book
|c Children Collection
|e Cawangan Mersing
|
| 999 |
|
|
|a 0001143991
|b Book
|c Adult Collection
|e Cawangan Pontian
|
| 999 |
|
|
|a 0001143992
|b Book
|c Children Collection
|e Cawangan Mersing
|